Gilles Deleuze : 1925-1995 /

Gespeichert in:
Bibliographische Detailangaben
1. Verfasser: Aragüés, Juan Manuel (autor)
Format: Buch
Sprache:Spanisch
Veröffentlicht: Madrid, España : Ediciones del Orto, 1998, c1998
Schriftenreihe:(Biblioteca Filosófica)
Schlagworte:
Tags: Tag hinzufügen
Keine Tags, Fügen Sie das erste Tag hinzu!

MARC

LEADER 00000nam^a2200000^a^4500
001 000111663
005 20250521000000.0
009 20260310093840.893
020 |a 84-7923-169-6 
037 |a Acervo ITESO - Biblioteca 
041 |a ESP 
082 |a 140. 92  |b BIB V. 60 
100 |a Aragüés, Juan Manuel  |e (autor) 
245 1 0 |a Gilles Deleuze :  |b 1925-1995 /  |c J.M. Aragüés. 
246 2 |a Título en la cubierta: Deleuze: 1925-1995 
264 4 |a Madrid, España :  |b Ediciones del Orto,  |c 1998, c1998 
300 |a 94 p. 
336 |a texto  |b txt  |2 rdacontenido 
337 |a sin mediación  |b n  |2 rdamedio 
338 |a volumen  |b nc  |2 rdasoporte 
440 1 |a (Biblioteca Filosófica) 
649 |a XX 
650 |a Filósofos Franceses 
650 |a Estructuralismo 
650 |a Filosofía del Siglo XX 
650 |a Filosofía -  |z Francia 
650 |a Deleuze, Gilles 
910 |a Fondo General 
920 |a Impresos - Libros 
930 |a Colección General 
905 |a 101 
901 |a 0500048688  |b IT1  |c ACC  |u 20250521 
902 |a https://opac.biblio.iteso.mx/vufind/Record/000111663